[Event "XI R.K.Belyaev Memorial"]
[Site "?"]
[Date "2009.05.18"]
[Round "1"]
[White "Murzin, Lenar"]
[Black "Kulikov, Almaz"]
[Result "0-1"]
[WhiteElo "2189"]
[BlackElo "2113"]
[PlyCount "116"]
[EventDate "2009.05.19"]
[SourceDate "2009.05.19"]

1. d4 Nf6 2. Nf3 d6 3. c4 Nbd7 4. Nc3 e5 5. e4 g6 6. Be2 Bg7 7. O-O O-O 8. Re1
exd4 9. Nxd4 Re8 10. Bf1 Nc5 11. f3 a5 12. Be3 Bd7 13. Qd2 Qe7 14. b3 Ne6 15.
Rad1 Nxd4 16. Bxd4 Bc6 17. Nd5 Bxd5 18. cxd5 Nd7 19. Bxg7 Kxg7 20. Bb5 Red8 21.
Bxd7 Rxd7 22. Re3 b6 23. Rc3 f6 24. Rdc1 Rf8 25. Qd4 Rf7 26. a3 Kg8 27. b4 axb4
28. axb4 Rf8 29. Ra3 Rf7 30. Ra8+ Rf8 31. Rxf8+ Qxf8 32. Ra1 Qe7 33. Kf2 Rd8
34. Ra7 Rd7 35. Ra8+ Rd8 36. Ra7 Rd7 37. h4 h5 38. Kg3 Kg7 39. Kf4 Kh7 40. Kg3
Kg7 41. Qc3 Kh7 42. Kh3 Kg7 43. Qd4 c5 44. dxc6 Rxa7 45. Qxb6 Qc7 46. Qxc7+
Rxc7 47. b5 Kf7 48. g4 Ke6 49. Kg3 d5 50. exd5+ Kxd5 51. gxh5 gxh5 52. Kf4 Ke6
53. Ke4 f5+ 54. Kd4 Kd6 55. Ke3 Ke5 56. Kd3 Re7 57. b6 Kd6 58. c7 Re8 0-1

[Event "XI R.K.Belyaev Memorial"]
[Site "?"]
[Date "2009.05.18"]
[Round "1"]
[White "Kovsharev, Valery"]
[Black "Kniazev, Igor"]
[Result "0-1"]
[WhiteElo "2282"]
[BlackElo "2240"]
[PlyCount "100"]
[SourceDate "2009.05.19"]

1. e4 e5 2. Nf3 Nf6 3. d4 Nxe4 4. dxe5 d5 5. exd6 Bxd6 6. Bd3 Nc5 7. Bc4 Be6 8.
Qe2 O-O 9. O-O Nc6 10. Nc3 a6 11. Be3 Bxc4 12. Qxc4 b5 13. Qg4 Ne6 14. Rad1 f5
15. Qh3 g5 16. Qh5 f4 17. Bc1 Qe8 18. Qh6 Qg6 19. Qxg6+ hxg6 20. Ne4 Be7 21. c3
g4 22. Nfd2 f3 23. Nb3 Rad8 24. Be3 fxg2 25. Kxg2 Nf4+ 26. Bxf4 Rxf4 27. Rxd8+
Nxd8 28. Nec5 a5 29. Re1 Kf7 30. Nd3 Ra4 31. a3 Nc6 32. Ne5+ Nxe5 33. Rxe5 c6
34. Re2 Bxa3 35. Nd4 Bd6 36. Nxc6 Ra2 37. Rd2 Bf4 38. Rd4 g5 39. Rd5 Rxb2 40.
Nxa5 Ke6 41. Rd3 Rd2 42. Nb3 Rxd3 43. Nc5+ Kd5 44. Nxd3 Kc4 45. Nb4 Kxc3 46.
Nd5+ Kd4 47. Nb4 Kc4 48. Nc2 Kc3 49. Na3 b4 50. Nb5+ Kc4 0-1

[Event "XI R.K.Belyaev Memorial"]
[Site "?"]
[Date "2009.05.18"]
[Round "1"]
[White "Aleksandrov, Vladimir"]
[Black "Talipov, Nafis"]
[Result "1-0"]
[WhiteElo "2322"]
[BlackElo "2051"]
[PlyCount "59"]
[SourceDate "2009.05.19"]

1. d4 Nf6 2. Nf3 c5 3. c3 e6 4. g3 b6 5. Bg2 Bb7 6. O-O d5 7. Ne5 Nbd7 8. Bg5
Be7 9. Qa4 Qc7 10. Nd2 h6 11. Bxf6 Bxf6 12. f4 Bxe5 13. fxe5 O-O 14. e4 Bc6 15.
Qb3 Qb7 16. Rae1 Rae8 17. a3 b5 18. Rf4 cxd4 19. cxd4 Nb6 20. Qd1 Rd8 21. Qh5
Nc4 22. Nb3 dxe4 23. Nc5 Qb6 24. Rg4 Kh8 25. Rf1 Rxd4 26. b4 Ne3 27. Rxg7 Kxg7
28. Rf6 Nf5 29. Nxe6+ Kh7 30. Qxf5+ 1-0

[Event "XI R.K.Belyaev Memorial"]
[Site "?"]
[Date "2009.05.18"]
[Round "1"]
[White "Ashiev, Eduard"]
[Black "Maksimov, Sergei"]
[Result "1-0"]
[WhiteElo "2283"]
[BlackElo "2233"]
[PlyCount "53"]
[SourceDate "2009.05.19"]

1. d4 Nf6 2. Nf3 c5 3. d5 d6 4. c4 g6 5. Nc3 Bg7 6. h3 O-O 7. e4 e6 8. Bd3 exd5
9. exd5 Re8+ 10. Be3 Nfd7 11. O-O Ne5 12. Nxe5 Bxe5 13. Qd2 Na6 14. Rae1 f5 15.
Bg5 Qa5 16. f4 Bd4+ 17. Kh1 Bd7 18. Be7 b5 19. cxb5 Nc7 20. Bxd6 Nxb5 21. Bxb5
Bxb5 22. Rxe8+ Rxe8 23. Re1 Rd8 24. Re6 Bd7 25. Qe1 Qb4 26. Re7 Bxc3 27. bxc3
1-0

[Event "XI R.K.Belyaev Memorial"]
[Site "?"]
[Date "2009.05.18"]
[Round "1"]
[White "Samusenko, Maksim"]
[Black "Samusenko, Aleksandr"]
[Result "0-1"]
[WhiteElo "1902"]
[BlackElo "2324"]
[PlyCount "76"]
[SourceDate "2009.05.19"]

1. e4 c5 2. c3 d5 3. e5 e6 4. d4 Nc6 5. Nf3 Qb6 6. Bd3 cxd4 7. cxd4 Bd7 8. O-O
Nxd4 9. Nxd4 Qxd4 10. Nc3 Qxe5 11. Re1 Qb8 12. Nxd5 Bd6 13. Qh5 Kf8 14. Qh3 Bc6
15. Nc3 Nf6 16. Bg5 h5 17. Bxf6 gxf6 18. Rad1 Qc7 19. Bb5 f5 20. Bxc6 Qxc6 21.
Qd3 Rd8 22. Kh1 h4 23. Qb5 h3 24. Qxc6 bxc6 25. g3 Ke7 26. Ne2 Bb4 27. Rf1 Bd2
28. Ng1 Rd5 29. f4 Be3 30. Nf3 f6 31. Rde1 Bb6 32. Re2 Rhd8 33. Rfe1 R8d6 34.
Ng1 Ba5 35. Rf1 Rd1 36. Ref2 Bb6 37. Rf3 R1d2 38. Nxh3 Rxb2 0-1

[Event "XI R.K.Belyaev Memorial"]
[Site "?"]
[Date "2009.05.19"]
[Round "2"]
[White "Murzin, Lenar"]
[Black "Samusenko, Maksim"]
[Result "1-0"]
[WhiteElo "2189"]
[BlackElo "1902"]
[PlyCount "81"]
[SourceDate "2009.05.19"]

1. e4 d6 2. d4 Nf6 3. Nc3 c6 4. Nf3 Bg4 5. Be2 e6 6. Bg5 Be7 7. h3 Bh5 8. O-O
O-O 9. e5 Nfd7 10. Bxe7 Qxe7 11. Re1 d5 12. Qd2 a6 13. b4 b6 14. Na4 Ra7 15.
Rab1 f6 16. exf6 Rxf6 17. Rb3 Be8 18. a3 Qd8 19. Reb1 Nf8 20. Nb2 Nbd7 21. c4
c5 22. dxc5 bxc5 23. Nd1 Rc7 24. bxc5 Rxc5 25. Ne3 Bg6 26. R1b2 Be4 27. Ng5 Bg6
28. Nf3 Be4 29. Ng5 Bg6 30. cxd5 exd5 31. Nf3 Be4 32. Nd4 Rg6 33. f3 Nf6 34.
fxe4 Nxe4 35. Qe1 Qc8 36. Nef5 Qd8 37. Qh4 Rc1+ 38. Bf1 Rf6 39. Rb7 Nd7 40. Qf4
Rc3 41. Rb8 1-0

[Event "XI R.K.Belyaev Memorial"]
[Site "?"]
[Date "2009.05.19"]
[Round "2"]
[White "Samusenko, Aleksandr"]
[Black "Kovsharev, Valery"]
[Result "1-0"]
[WhiteElo "2324"]
[BlackElo "2282"]
[PlyCount "65"]
[SourceDate "2009.05.19"]

1. Nf3 d5 2. c4 c6 3. d4 Nf6 4. Nc3 a6 5. a4 Bf5 6. Qb3 b6 7. Bf4 e6 8. e3 Nbd7
9. cxd5 Nxd5 10. Nxd5 cxd5 11. Be2 Nf6 12. Bxa6 Bd6 13. Bb5+ Kf8 14. Ne5 h6 15.
Nd7+ Nxd7 16. Bxd6+ Kg8 17. O-O Nf6 18. Qb4 Ra7 19. f3 Kh7 20. Rac1 Ne8 21. Be5
f6 22. Bg3 Re7 23. Rc8 Qxc8 24. Qxe7 Bg6 25. Bd7 Qc2 26. Bxe6 Qxa4 27. Bxd5 Qb5
28. Bf7 Qxb2 29. Bxg6+ Kxg6 30. d5 h5 31. d6 Qa3 32. Qe6 Nxd6 33. Bxd6 1-0

[Event "XI R.K.Belyaev Memorial"]
[Site "?"]
[Date "2009.05.19"]
[Round "2"]
[White "Kniazev, Igor"]
[Black "Aleksandrov, Vladimir"]
[Result "1-0"]
[WhiteElo "2240"]
[BlackElo "2322"]
[PlyCount "107"]
[SourceDate "2009.05.19"]

1. e4 d5 2. exd5 Qxd5 3. Nc3 Qd6 4. d4 c6 5. g3 Nf6 6. Bg2 Bg4 7. f3 Bf5 8. g4
Bg6 9. Nge2 e6 10. Nf4 Qc7 11. h4 Bd6 12. Nce2 h5 13. g5 Nd5 14. Nxg6 fxg6 15.
Qd3 Ne7 16. Bd2 Bg3+ 17. Kd1 Bd6 18. Qe4 Qd7 19. Re1 O-O 20. c3 Nf5 21. Bh3 Na6
22. Bf4 Nc5 23. dxc5 Bxf4+ 24. Kc2 e5 25. Nxf4 exf4 26. Qxf4 Ne3+ 27. Rxe3 Qxh3
28. Qc4+ Kh7 29. Rae1 Rxf3 30. Re8 Rf8 31. Rxa8 Rxa8 32. Re7 Qf5+ 33. Kb3 b6
34. Qf7 Rg8 35. cxb6 Qb5+ 36. Kc2 axb6 37. Re6 Qa4+ 38. Kc1 Qxh4 39. Qxg6+ Kh8
40. Re7 c5 41. a4 Qg4 42. b3 Qh4 43. Kb2 Qg4 44. Rd7 Qh4 45. Rf7 Qg4 46. Re7
Qh4 47. Ka3 Qg4 48. Ka2 Qh4 49. Qf5 Rd8 50. Qe5 Rg8 51. Rf7 Qg4 52. Qd5 Rc8 53.
g6 Qxg6 54. Rf5 1-0

[Event "XI R.K.Belyaev Memorial"]
[Site "?"]
[Date "2009.05.19"]
[Round "2"]
[White "Talipov, Nafis"]
[Black "Ashiev, Eduard"]
[Result "1/2-1/2"]
[WhiteElo "2051"]
[BlackElo "2283"]
[PlyCount "30"]
[SourceDate "2009.05.19"]

1. d4 c5 2. d5 e5 3. c4 d6 4. Nc3 f5 5. e4 Nf6 6. Bd3 fxe4 7. Nxe4 Be7 8. Ne2
Nxe4 9. Bxe4 Bg5 10. O-O Bxc1 11. Rxc1 O-O 12. Qc2 h6 13. f4 Nd7 14. fxe5 Rxf1+
15. Rxf1 Nxe5 1/2-1/2

[Event "XI R.K.Belyaev Memorial"]
[Site "?"]
[Date "2009.05.19"]
[Round "2"]
[White "Kulikov, Almaz"]
[Black "Maksimov, Sergei"]
[Result "1-0"]
[WhiteElo "2113"]
[BlackElo "2233"]
[PlyCount "91"]
[SourceDate "2009.05.19"]

1. d4 Nf6 2. c4 c5 3. d5 b5 4. cxb5 a6 5. bxa6 Bxa6 6. Nc3 g6 7. f4 d6 8. Nf3
Bg7 9. e4 Bxf1 10. Rxf1 O-O 11. e5 Nfd7 12. Qe2 e6 13. dxe6 fxe6 14. exd6 Nc6
15. Bd2 Nd4 16. Nxd4 cxd4 17. Ne4 Qb6 18. Ng5 Nc5 19. Rc1 Rfe8 20. b4 Nb7 21.
d7 Red8 22. Qxe6+ Qxe6+ 23. Nxe6 Rxd7 24. Nxg7 Kxg7 25. Rc2 Nd6 26. Rf3 Ne4 27.
Rd3 g5 28. fxg5 Rf8 29. Rf3 Re8 30. Kd1 Nc3+ 31. Kc1 Ne2+ 32. Kb2 d3 33. Rc4
Ng1 34. Rf1 Re2 35. Rxg1 Rxd2+ 36. Kb3 Re2 37. Rd1 Rxg2 38. h4 Kg6 39. a4 Re2
40. a5 Kf5 41. a6 d2 42. Kc2 Ke5 43. b5 Kd5 44. Rc3 Ke4 45. b6 Rd6 46. a7 1-0

[Event "XI R.K.Belyaev Memorial"]
[Site "?"]
[Date "2009.05.21"]
[Round "3"]
[White "Kovsharev, Valery"]
[Black "Murzin, Lenar"]
[Result "0-1"]
[WhiteElo "2282"]
[BlackElo "2189"]
[PlyCount "80"]
[SourceDate "2009.05.19"]

1. e4 c5 2. c4 Nc6 3. Nc3 g6 4. g3 Bg7 5. Bg2 Nf6 6. Nge2 O-O 7. O-O d6 8. d3
Rb8 9. f4 e6 10. h3 Ne8 11. f5 exf5 12. exf5 Bxf5 13. Rxf5 gxf5 14. Nd5 Nc7 15.
Nxc7 Qxc7 16. Nc3 Ne7 17. Bg5 Rbe8 18. Qf3 h6 19. Bd2 Qd7 20. Rf1 a6 21. Qh5
Kh7 22. h4 Qe6 23. Bxb7 Rb8 24. Qf3 Qd7 25. Bd5 Rxb2 26. Be1 Bd4+ 27. Kh1 Nxd5
28. Nxd5 Re8 29. Bf2 Bg7 30. Be3 Rxa2 31. Qf4 Qe6 32. Rf2 Rxf2 33. Qxf2 Bd4 34.
Bxd4 Qe1+ 35. Qxe1 Rxe1+ 36. Bg1 a5 37. Nb6 Rd1 38. d4 cxd4 39. Kg2 d3 40. Be3
d2 0-1

[Event "XI R.K.Belyaev Memorial"]
[Site "?"]
[Date "2009.05.21"]
[Round "3"]
[White "Aleksandrov, Vladimir"]
[Black "Samusenko, Aleksandr"]
[Result "1/2-1/2"]
[WhiteElo "2322"]
[BlackElo "2324"]
[PlyCount "24"]
[SourceDate "2009.05.19"]

1. d4 Nf6 2. Nf3 g6 3. c4 Bg7 4. Nc3 O-O 5. e4 d6 6. Be2 e5 7. O-O exd4 8. Nxd4
Re8 9. f3 Nc6 10. Be3 Nh5 11. f4 Nf6 12. Bf3 Bg4 1/2-1/2

[Event "XI R.K.Belyaev Memorial"]
[Site "?"]
[Date "2009.05.21"]
[Round "3"]
[White "Maksimov, Sergei"]
[Black "Talipov, Nafis"]
[Result "0-1"]
[WhiteElo "2233"]
[BlackElo "2051"]
[PlyCount "66"]
[SourceDate "2009.05.19"]

1. e4 c6 2. d4 d5 3. exd5 cxd5 4. Bd3 Nc6 5. c3 Qc7 6. h3 g6 7. Nf3 Bg7 8. O-O
Nf6 9. Re1 O-O 10. Na3 a6 11. Ne5 Re8 12. Bf4 Qb6 13. b4 Bf5 14. Bxf5 gxf5 15.
f3 Rac8 16. Kh2 Nh5 17. Bd2 Nxe5 18. dxe5 Qg6 19. Qe2 f4 20. Qf2 Qf5 21. Qh4
Bxe5 22. Rxe5 Qxe5 23. Qg4+ Ng7 24. Bxf4 Qf5 25. Qg3 e5 26. Bd2 Rc6 27. Re1 b5
28. f4 Rce6 29. fxe5 Rxe5 30. Nc2 Rxe1 31. Nxe1 Qe5 32. Nf3 Qxg3+ 33. Kxg3 Re2
0-1

[Event "XI R.K.Belyaev Memorial"]
[Site "?"]
[Date "2009.05.21"]
[Round "3"]
[White "Samusenko, Maksim"]
[Black "Kulikov, Almaz"]
[Result "0-1"]
[WhiteElo "1902"]
[BlackElo "2113"]
[PlyCount "66"]
[SourceDate "2009.05.19"]

1. d4 Nf6 2. Nc3 d5 3. Bg5 e6 4. e4 Be7 5. e5 Nfd7 6. Bxe7 Qxe7 7. f4 O-O 8.
Nf3 a6 9. Qd2 c5 10. O-O-O Nc6 11. dxc5 Nxc5 12. Bd3 Rd8 13. h4 b5 14. h5 h6
15. g4 Bb7 16. Qf2 Nb4 17. Rhg1 Ncxd3+ 18. cxd3 d4 19. Ne4 Rac8+ 20. Kb1 Nxd3
21. Nf6+ gxf6 22. Rxd3 Be4 23. Qe2 Bxd3+ 24. Qxd3 Kh8 25. Qd2 d3 26. f5 Kh7 27.
exf6 Qxf6 28. g5 Qxf5 29. g6+ fxg6 30. Rxg6 Qxh5 31. Rxe6 Rd7 32. Qe3 d2 33.
Re7+ Kh8 0-1

[Event "XI R.K.Belyaev Memorial"]
[Site "?"]
[Date "2009.05.21"]
[Round "3"]
[White "Ashiev, Eduard"]
[Black "Kniazev, Igor"]
[Result "1/2-1/2"]
[WhiteElo "2283"]
[BlackElo "2240"]
[PlyCount "36"]
[SourceDate "2009.05.19"]

1. e4 e5 2. Nf3 Nf6 3. Nxe5 d6 4. Nf3 Nxe4 5. Nc3 Nxc3 6. dxc3 Bg4 7. h3 Bxf3
8. Qxf3 c6 9. Bf4 Be7 10. O-O-O O-O 11. Bd3 Bg5 12. Rhe1 Qf6 13. Bxg5 Qxg5+ 14.
Kb1 g6 15. h4 Qxh4 16. Re4 Qg5 17. Qh3 f5 18. Rh4 h5 1/2-1/2

[Event "XI R.K.Belyaev Memorial"]
[Site "?"]
[Date "2009.05.22"]
[Round "4"]
[White "Samusenko, Maksim"]
[Black "Kovsharev, Valery"]
[Result "0-1"]
[WhiteElo "1902"]
[BlackElo "2282"]
[PlyCount "38"]
[SourceDate "2009.05.19"]

1. e4 e6 2. d4 d5 3. exd5 exd5 4. Bd3 Nc6 5. c3 Bd6 6. Qf3 Be6 7. Ne2 Qd7 8. h3
Nge7 9. Bf4 Ng6 10. Bxd6 Qxd6 11. O-O O-O-O 12. Nd2 Nce7 13. b3 Qd7 14. c4 Nh4
15. Qf4 g5 16. Qxg5 Nef5 17. Qf4 Rhg8 18. g3 Ng6 19. Qh6 Nxh6 0-1

[Event "XI R.K.Belyaev Memorial"]
[Site "?"]
[Date "2009.05.22"]
[Round "4"]
[White "Kniazev, Igor"]
[Black "Maksimov, Sergei"]
[Result "1-0"]
[WhiteElo "2240"]
[BlackElo "2233"]
[PlyCount "87"]
[SourceDate "2009.05.19"]

1. e4 c5 2. b3 d5 3. exd5 Qxd5 4. Bb2 Nc6 5. Qf3 Qxf3 6. Nxf3 Bg4 7. Ng5 f6 8.
f3 Bd7 9. Ne4 e5 10. Bc4 Nd4 11. Na3 O-O-O 12. c3 Nf5 13. Rc1 h5 14. d4 Ne3 15.
dxe5 Nxg2+ 16. Kf2 Nf4 17. Nd6+ Bxd6 18. exd6 Nh6 19. Rcd1 Nf5 20. Bc1 Nh3+ 21.
Kg2 Nh4+ 22. Kg3 g5 23. Rhe1 Ng6 24. Nb5 h4+ 25. Kg2 Ngf4+ 26. Kf1 a6 27. Nc7
b5 28. Be6 Nxe6 29. Nxe6 g4 30. fxg4 Rdg8 31. Rd3 Rxg4 32. Rxh3 Rhg8 33. Rhe3
h3 34. Nxc5 Rf4+ 35. Ke2 Rg2+ 36. Kd3 Bf5+ 37. Ne4 Rxh2 38. Kd4 Rg2 39. Kc5 Bd7
40. Rxh3 Rf5+ 41. Kb6 Re5 42. Rh8+ Be8 43. d7+ Kxd7 44. Nxf6+ 1-0

[Event "XI R.K.Belyaev Memorial"]
[Site "?"]
[Date "2009.05.22"]
[Round "4"]
[White "Kulikov, Almaz"]
[Black "Talipov, Nafis"]
[Result "1-0"]
[WhiteElo "2113"]
[BlackElo "2051"]
[PlyCount "61"]
[SourceDate "2009.05.19"]

1. d4 Nf6 2. c4 c5 3. d5 e5 4. Nc3 d6 5. e4 Be7 6. g3 O-O 7. Bg2 Ne8 8. Nge2 g6
9. O-O Na6 10. Bh6 Ng7 11. f4 f6 12. Qd2 Nc7 13. a4 b6 14. h4 Rf7 15. Rf2 a6
16. Raf1 Rb8 17. f5 b5 18. g4 bxc4 19. Ng3 Nce8 20. g5 Rb7 21. fxg6 hxg6 22. h5
gxh5 23. g6 Rf8 24. Bxg7 Kxg7 25. Nxh5+ Kxg6 26. Bf3 Bh3 27. Rg2+ Bxg2 28.
Qxg2+ Kf7 29. Nf4 Ng7 30. Bh5+ Kg8 31. Ne6 1-0

[Event "XI R.K.Belyaev Memorial"]
[Site "?"]
[Date "2009.05.22"]
[Round "4"]
[White "Murzin, Lenar"]
[Black "Aleksandrov, Vladimir"]
[Result "1/2-1/2"]
[WhiteElo "2189"]
[BlackElo "2322"]
[PlyCount "39"]
[SourceDate "2009.05.19"]

1. Nf3 Nf6 2. c4 g6 3. d4 Bg7 4. g3 O-O 5. Bg2 c6 6. O-O d5 7. cxd5 cxd5 8. Nc3
e6 9. Ne5 Nfd7 10. f4 Nc6 11. Be3 Ndxe5 12. fxe5 Bd7 13. Qd2 Qe7 14. Rf2 f6 15.
exf6 Bxf6 16. Raf1 Bg7 17. Bg5 Qb4 18. e3 Rxf2 19. Rxf2 Rf8 20. Rxf8+ 1/2-1/2

[Event "XI R.K.Belyaev Memorial"]
[Site "?"]
[Date "2009.05.22"]
[Round "4"]
[White "Samusenko, Aleksandr"]
[Black "Ashiev, Eduard"]
[Result "1-0"]
[WhiteElo "2324"]
[BlackElo "2283"]
[PlyCount "53"]
[SourceDate "2009.05.19"]

1. d4 Nf6 2. Nf3 b5 3. e3 a6 4. c4 bxc4 5. Bxc4 e6 6. Nc3 Bb7 7. O-O d5 8. Qb3
Qc8 9. Be2 c5 10. dxc5 Nbd7 11. Na4 Nxc5 12. Nxc5 Bxc5 13. Bd2 Bd6 14. Bb4 Ne4
15. Rac1 Qb8 16. Bxd6 Nxd6 17. Ne5 Ke7 18. Qb4 Rd8 19. Qh4+ f6 20. Nd3 Nf5 21.
Qh3 Qd6 22. Bg4 Nh6 23. Bxe6 Qxe6 24. Rc7+ Rd7 25. Qxe6+ Kxe6 26. Nc5+ Kd6 27.
Rxd7+ 1-0

[Event "XI R.K.Belyaev Memorial"]
[Site "?"]
[Date "2009.05.23"]
[Round "8"]
[White "Murzin, Lenar"]
[Black "Kniazev, Igor"]
[Result "1-0"]
[WhiteElo "2189"]
[BlackElo "2240"]
[PlyCount "39"]
[SourceDate "2009.05.19"]

1. d4 Nf6 2. c4 c5 3. d5 b5 4. Nf3 bxc4 5. Nc3 e6 6. e4 exd5 7. e5 d4 8. exf6
dxc3 9. Qe2+ Be7 10. Qxe7+ Qxe7+ 11. fxe7 cxb2 12. Bxb2 f6 13. Bxc4 Bb7 14.
O-O-O Nc6 15. Rhe1 Na5 16. Bb5 Bc6 17. Bxc6 Nxc6 18. Nh4 Nd4 19. Bxd4 cxd4 20.
Nf5 1-0

[Event "XI R.K.Belyaev Memorial"]
[Site "?"]
[Date "2009.05.23"]
[Round "5"]
[White "Talipov, Nafis"]
[Black "Kniazev, Igor"]
[Result "1-0"]
[WhiteElo "2051"]
[BlackElo "2240"]
[PlyCount "83"]
[SourceDate "2009.05.19"]

1. d4 Nf6 2. Nf3 d5 3. c4 c6 4. Nc3 e6 5. g3 dxc4 6. a4 Bb4 7. Bg2 Ne4 8. Qc2
Qa5 9. Bd2 Nxc3 10. Bxc3 Nd7 11. Nd2 Nb6 12. Bxb4 Qxb4 13. a5 Nd5 14. Qxc4 Qxb2
15. Rb1 Qa3 16. a6 Qxa6 17. Qc5 Qa2 18. e4 Nc7 19. Ke2 Nb5 20. d5 e5 21. dxc6
bxc6 22. Qxc6+ Ke7 23. Rxb5 Rd8 24. Qc7+ Rd7 25. Rxe5+ Kf6 26. Rf5+ Kg6 27.
Qc6+ f6 28. Rd1 Ba6+ 29. Ke1 Rad8 30. Rd5 Rxd5 31. exd5 Kh6 32. f4 Qa3 33. Kf2
Qd3 34. Bf3 Qd4+ 35. Kg2 Bc8 36. Ne4 Qb2+ 37. Rd2 Qa1 38. Qc3 Qa6 39. d6 f5 40.
Ng5 Rd7 41. Qe5 Rb7 42. Qe8 1-0

[Event "XI R.K.Belyaev Memorial"]
[Site "?"]
[Date "2009.05.23"]
[Round "5"]
[White "Kovsharev, Valery"]
[Black "Kulikov, Almaz"]
[Result "0-1"]
[WhiteElo "2282"]
[BlackElo "2113"]
[PlyCount "96"]
[SourceDate "2009.05.19"]

1. e4 c5 2. Nf3 d6 3. c3 Nf6 4. Be2 Nbd7 5. Qc2 g6 6. O-O Bg7 7. d4 Qc7 8. Bd3
O-O 9. Bg5 h6 10. Bf4 e5 11. dxe5 dxe5 12. Be3 c4 13. Be2 Ng4 14. Bc1 b5 15. a4
bxa4 16. Qxa4 Nb6 17. Qa5 Re8 18. Na3 Qc6 19. Nd2 Be6 20. Qa6 Rec8 21. Nb5 Nf6
22. f3 Nh5 23. Rd1 Nf4 24. Kf1 Bf8 25. Na3 Qc5 26. Ndb1 Be7 27. Qb5 Qc7 28. Be3
Nxe2 29. Kxe2 f5 30. Nd2 Kg7 31. Nc2 Nd7 32. Ra6 Kf7 33. Nb4 Bxb4 34. Qxb4 f4
35. Bf2 Rab8 36. Qa3 Rb7 37. Ra1 Nb8 38. Ra5 Nc6 39. Ra4 Kf6 40. Ra2 Qd7 41.
Ra1 Rd8 42. Rd1 Qd3+ 43. Ke1 Qc2 44. Ra6 Rxb2 45. Bd4 exd4 46. Rxc6 dxc3 47.
e5+ Kf5 48. Qe7 Qxd2+ 0-1

[Event "XI R.K.Belyaev Memorial"]
[Site "?"]
[Date "2009.05.23"]
[Round "5"]
[White "Maksimov, Sergei"]
[Black "Samusenko, Aleksandr"]
[Result "0-1"]
[WhiteElo "2233"]
[BlackElo "2324"]
[PlyCount "166"]
[SourceDate "2009.05.19"]

1. e4 c5 2. g3 d5 3. e5 Nc6 4. f4 h5 5. h3 e6 6. Nf3 Nge7 7. Nh4 Nd4 8. d3 Nef5
9. Nxf5 Nxf5 10. Rg1 Bd7 11. c3 Bc6 12. Na3 Be7 13. Be2 g6 14. Nc2 d4 15. Bf3
Qb6 16. Na3 O-O-O 17. c4 f6 18. Bxc6 Qxc6 19. Qe2 fxe5 20. fxe5 Nxg3 21. Rxg3
Bh4 22. Bf4 g5 23. O-O-O gxf4 24. Rf3 Rhg8 25. Nb5 Kb8 26. Nd6 Rdf8 27. Rdf1
Be7 28. Ne4 Qc7 29. Rxf4 Qxe5 30. Rxf8+ Rxf8 31. Rxf8+ Bxf8 32. Kc2 Be7 33. Qg2
a6 34. Qg3 Qxg3 35. Nxg3 h4 36. Ne4 Kc7 37. Kd1 b5 38. b3 Kb6 39. Ke2 bxc4 40.
dxc4 Kc6 41. Kd3 Bd6 42. Ng5 Kd7 43. Ke4 Bg3 44. a3 a5 45. Kf3 Bd6 46. Ne4 Kc6
47. Nf2 Bg3 48. Nd3 Kd6 49. Ke4 Kc6 50. Nc1 Kd6 51. Ne2 Kc6 52. Kf3 Be1 53. Nf4
Kd6 54. Nd3 Bg3 55. Kg4 Kc6 56. Kg5 Kd6 57. Kf6 Bh2 58. Nf2 Be5+ 59. Kf7 Kd7
60. Ne4 Bd6 61. Nf6+ Kc6 62. Kxe6 Bf4 63. a4 Be3 64. Nd5 Bg5 65. Kf5 Bd2 66.
Ke5 Bg5 67. Ke6 Bd8 68. Nf4 Bc7 69. Nd3 Bg3 70. Kf5 Kd6 71. Ke4 Kc6 72. Nc1 Kd6
73. Ne2 Kc6 74. Ng1 Kd6 75. Nf3 Kc6 76. Ng5 Kd6 77. Kf3 Kc6 78. Ne4 Be1 79. Kg4
Kb6 80. Nd6 Kc6 81. Nf5 Bf2 82. Nxh4 Bxh4 83. Kxh4 d3 0-1

[Event "XI R.K.Belyaev Memorial"]
[Site "?"]
[Date "2009.05.24"]
[Round "6"]
[White "Kulikov, Almaz"]
[Black "Kniazev, Igor"]
[Result "1/2-1/2"]
[WhiteElo "2113"]
[BlackElo "2240"]
[PlyCount "32"]
[SourceDate "2009.05.19"]

1. e4 e5 2. Nf3 Nf6 3. Nxe5 d6 4. Nf3 Nxe4 5. Nc3 Nxc3 6. dxc3 Be7 7. Bf4 O-O
8. Qd2 Bg4 9. Be2 Nd7 10. O-O-O Nc5 11. Rhe1 Re8 12. Nd4 Bxe2 13. Rxe2 Bf6 14.
Rde1 Rxe2 15. Rxe2 Qd7 16. Qe3 Bxd4 1/2-1/2

[Event "XI R.K.Belyaev Memorial"]
[Site "?"]
[Date "2009.05.24"]
[Round "6"]
[White "Murzin, Lenar"]
[Black "Maksimov, Sergei"]
[Result "1-0"]
[WhiteElo "2189"]
[BlackElo "2233"]
[PlyCount "45"]
[SourceDate "2009.05.19"]

1. e4 c5 2. Nf3 Nc6 3. Nc3 e5 4. Bc4 d6 5. h3 Be7 6. d3 h6 7. Be3 Nf6 8. O-O a6
9. Nd5 Nxd5 10. Bxd5 Be6 11. c4 Bxd5 12. cxd5 Nb8 13. b4 b6 14. bxc5 bxc5 15.
Rb1 O-O 16. Nd2 f5 17. exf5 Rxf5 18. Qg4 Rf7 19. Rb7 Bf6 20. Rxf7 Kxf7 21. Rb1
Qd7 22. Rxb8 Qxg4 23. Rb7+ 1-0

[Event "XI R.K.Belyaev Memorial"]
[Site "?"]
[Date "2009.05.24"]
[Round "6"]
[White "Samusenko, Aleksandr"]
[Black "Talipov, Nafis"]
[Result "1-0"]
[WhiteElo "2324"]
[BlackElo "2051"]
[PlyCount "49"]
[SourceDate "2009.05.19"]

1. e4 c6 2. d4 d6 3. Nc3 Nd7 4. Nf3 g6 5. Bc4 e6 6. O-O Bg7 7. Bf4 Nb6 8. Bb3
Ne7 9. a4 a5 10. Re1 O-O 11. Qd2 Re8 12. Rad1 d5 13. Bh6 Bh8 14. Qf4 dxe4 15.
Qxe4 Ned5 16. Qd3 Qc7 17. Ne4 Bd7 18. Qd2 Nf6 19. Nc5 Nbd5 20. c4 Nb4 21. Bf4
Qc8 22. Ng5 b6 23. Nce4 Nxe4 24. Nxe4 Qa6 25. Be5 1-0

[Event "XI R.K.Belyaev Memorial"]
[Site "?"]
[Date "2009.05.25"]
[Round "7"]
[White "Maksimov, Sergei"]
[Black "Samusenko, Maksim"]
[Result "0-1"]
[WhiteElo "2233"]
[BlackElo "1902"]
[PlyCount "38"]
[SourceDate "2009.05.19"]

1. e4 d6 2. d4 Nf6 3. Nc3 c6 4. Nf3 Bg4 5. h3 Bh5 6. Be2 e6 7. O-O Be7 8. Re1
O-O 9. g4 Bg6 10. Bf1 d5 11. exd5 cxd5 12. Ne5 Nfd7 13. Nxg6 hxg6 14. Bf4 Nc6
15. Nb5 a6 16. Nd6 Qc7 17. c4 Bxd6 18. cxd5 exd5 19. Be3 Bf4 0-1

[Event "XI R.K.Belyaev Memorial"]
[Site "?"]
[Date "2009.05.25"]
[Round "7"]
[White "Talipov, Nafis"]
[Black "Murzin, Lenar"]
[Result "1/2-1/2"]
[WhiteElo "2051"]
[BlackElo "2189"]
[PlyCount "110"]
[SourceDate "2009.05.19"]

1. c4 e5 2. Nc3 Nf6 3. g3 Bb4 4. Bg2 O-O 5. d3 c6 6. Nf3 d5 7. cxd5 cxd5 8. Bd2
Nc6 9. O-O Re8 10. a3 Bf8 11. b4 e4 12. Ne1 h6 13. b5 Nd4 14. e3 Bg4 15. f3
exf3 16. Nxf3 Nxf3+ 17. Bxf3 Bh3 18. Re1 d4 19. Ne4 Nxe4 20. Bxe4 Bc5 21. Qh5
dxe3 22. Bxe3 Bxe3+ 23. Rxe3 Qd4 24. Rae1 Be6 25. Kh1 Rac8 26. Bxb7 Rc5 27. Qf3
Rxb5 28. Bc6 Reb8 29. Re4 Qc3 30. Bxb5 Rxb5 31. Kg1 Qxa3 32. Qe3 Qb3 33. Rd4
Rb8 34. Rd6 a5 35. Qc5 a4 36. d4 Qf3 37. Qe5 Rb2 38. Rd8+ Kh7 39. Qe4+ Qxe4 40.
Rxe4 a3 41. Re1 a2 42. Ra8 Rd2 43. Ra5 Rxd4 44. Rxe6 a1=Q+ 45. Rxa1 fxe6 46.
Ra6 Re4 47. Kf2 Kg6 48. Kf3 Kf5 49. Ra7 g5 50. g4+ Rxg4 51. Ra5+ e5 52. Rxe5+
Kxe5 53. Kxg4 Kf6 54. h4 Kg6 55. hxg5 hxg5 1/2-1/2

[Event "XI R.K.Belyaev Memorial"]
[Site "?"]
[Date "2009.05.25"]
[Round "7"]
[White "Aleksandrov, Vladimir"]
[Black "Kulikov, Almaz"]
[Result "1-0"]
[WhiteElo "2322"]
[BlackElo "2113"]
[PlyCount "81"]
[SourceDate "2009.05.19"]

1. d4 Nf6 2. c4 g6 3. Nc3 Bg7 4. e4 d6 5. Be2 O-O 6. Nf3 e5 7. O-O Nbd7 8. Re1
c6 9. Bf1 Qc7 10. Rb1 a5 11. b3 Re8 12. d5 Nc5 13. Nh4 Nh5 14. g3 Qe7 15. Be3
Bd7 16. Qd2 f5 17. exf5 gxf5 18. f4 e4 19. Rbd1 Na6 20. dxc6 bxc6 21. Na4 Bf8
22. Nb6 Rad8 23. Qxa5 Nc5 24. Nxd7 Rxd7 25. Qd2 Ne6 26. Nxf5 Qf7 27. Bh3 c5 28.
Re2 Nf6 29. Qe1 d5 30. cxd5 Rxd5 31. Red2 Red8 32. Rxd5 Rxd5 33. Rxd5 Nxd5 34.
Qd2 Nxe3 35. Qxe3 Nd4 36. Nxd4 cxd4 37. Qxe4 Qg7 38. Be6+ Kh8 39. Bc4 Qa7 40.
Qe5+ Qg7 41. Kf2 1-0